000 01055nam0a22002771 4500
001 rc\4761775
005 20260406095733.0
021 _aRU
_b[63-92843]
035 _a(NLR Aleph) 009017382
090 _a9406371
_c9406371
100 _a20130417d1963 u y0rusy50 ca
101 0 _arus
102 _aRU
105 _aa z |||||
200 1 _aХимия клетки
_fО-во по распространению полит. и науч. знаний РСФСР. Ленингр. отд-ние
210 _aЛенинград
_cБ. и.
_d1963
215 _a56 с.
_cил.
_d20
300 _aПеред загл. авт.: чл.-кор. Акад. мед. наук СССР проф. П.В. Макаров
606 _aКлетка (биол.)
_xБиохимия
_2psbo
700 1 _7ca
_8rus
_aМакаров
_bП. В.
_cд-р биол. наук
_f1905-1967
_gПётр Васильевич
_92691365
_3RU\NLR\AUTH\770288166
801 0 _aRU
_bNLR
_gpsbo
801 1 _aRU
_bELAR
_2rusmarc
852 _aNLR
_j63-4/19000
942 _cBOOK
980 _aNB